Central Library OPAC University of Rajshahi

Principles of instrumental analysis / (Record no. 75021)

MARC details
000 -LEADER
fixed length control field 01000nam a2200313 a 4500
001 - CONTROL NUMBER
control field 75021
003 - CONTROL NUMBER IDENTIFIER
rucl marc code BD-RjUL
005 - DATE AND TIME OF LATEST TRANSACTION
control field 20211209082632.0
008 - FIXED-LENGTH DATA ELEMENTS--GENERAL INFORMATION
fixed length control field 190110r20162007caua b 001 0 eng d
020 ## - INTERNATIONAL STANDARD BOOK NUMBER
International Standard Book Number 9788131525579
International Standard Book Number 9780495012016
International Standard Book Number 0495012017
035 ## - SYSTEM CONTROL NUMBER
System control number (BD-RjUL)75239
040 ## - CATALOGING SOURCE
Original cataloging agency DLC
Transcribing agency DLC
Modifying agency DLC
-- BD-RjUL
Language of cataloging eng
041 ## - LANGUAGE CODE
Language code of text/sound track or separate title eng
082 00 - DEWEY DECIMAL CLASSIFICATION NUMBER
Classification number 543.19
Edition number 22
Author mark and year SKP 2016
100 1# - MAIN ENTRY--PERSONAL NAME
Personal name Skoog, Douglas A.
9 (RLIN) 226830
245 10 - TITLE STATEMENT
Title Principles of instrumental analysis /
Statement of responsibility, etc. Douglas A. Skoog, F. James Holler, Stanley R. Crouch.
250 ## - EDITION STATEMENT
Edition statement 6th ed. /
260 ## - PUBLICATION, DISTRIBUTION, ETC. (IMPRINT)
Place of publication, distribution, etc. Belmont, CA ;
-- New Delhi :
Name of publisher, distributor, etc. Thomson Brooks/Cole,
Date of publication, distribution, etc. c2007 [Reprinted 2016].
300 ## - PHYSICAL DESCRIPTION
Pagination xv, 1029 p. :
Illustrations ill. ;
Size 25 cm.
504 ## - BIBLIOGRAPHY, ETC. NOTE
Bibliography, etc Includes bibliographical references and index.
650 #0 - SUBJECT ADDED ENTRY--TOPICAL TERM
Topical term or geographic name as entry element Instrumental analysis
Form subdivision Textbooks.
9 (RLIN) 226831
700 1# - ADDED ENTRY--PERSONAL NAME
Personal name Holler, F. James.
Personal name Crouch, Stanley R.
942 ## - ADDED ENTRY ELEMENTS (KOHA)
Source of classification or shelving scheme Dewey Decimal Classification
Koha item type Books
Holdings
Lost status Source of classification or shelving scheme Damaged status Not for loan Collection code Permanent Location Current Location Shelving location Date acquired Source of acquisition Cost, normal purchase price Total Checkouts Full call number Date last seen Copy number Koha item type
  Dewey Decimal Classification   Not For Loan Non-fiction Central Library, University of Rajshahi Central Library, University of Rajshahi Reading Room 19/11/2018 Orbital International, Dhaka 848.75   543.19 SKP 2016 10/01/2019 C-1 Books